000 00711nam a2200217Ia 4500
999 _c41385
_d41385
001 8047
003 GE_BSU
005 20200117115642.0
008 181216s2012||||ge |||||||||||||| ||geo||
020 _a9789941926921
040 _cGE_BSU
041 _ageo
080 _a821.353.1-1 ვ–20
100 _aვაჟა, ფშაველა
_95768
245 _aპოეზია /
_cრედ.მაყვალა გონაშვილი.
264 _aთბილისი :
_bმერანი,
_c2012.
300 _a230 გვ.;
_b15 სმ.
653 _aპოეზია
700 _aგონაშვილი, მაყვალა
_eრედაქტორი
_96200
942 _cBK
_2udc